000 00297nam a2200133Ia 4500
005 20260326235445.0
008 260326s9999||||xx |||||||||||||| ||und||
100 _aBueno, Patricia
245 0 _aSillas /
_cPatricia Bueno
260 _bAtrium
300 _a319 p.
650 _aMUEBLES
942 _cBK
999 _c7559
_d7559